Fr. Conceicao Rodrigues College of Engineering

Process control:Principles and applications (Record no. 27948)

MARC details
000 -LEADER
fixed length control field 00366nam a2200157Ia 4500
082 ## - DEWEY DECIMAL CLASSIFICATION NUMBER
Classification number 660.281
Item number BHA
100 ## - MAIN ENTRY--PERSONAL NAME
Personal name Bhanot/Surekha
245 ## - TITLE STATEMENT
Title Process control:Principles and applications
260 ## - PUBLICATION, DISTRIBUTION, ETC.
Name of publisher, distributor, etc. Oxford university press
Date of publication, distribution, etc. 2008
366 ## - TRADE AVAILABILITY INFORMATION
Publishers's discount category 20
300 ## - PHYSICAL DESCRIPTION
Extent 452
546 ## - LANGUAGE NOTE
Language note ENGLISH
-- Info.Tech
654 ## - SUBJECT ADDED ENTRY--FACETED TOPICAL TERMS
Focus term process control
942 ## - ADDED ENTRY ELEMENTS (KOHA)
Koha item type BOOK
Holdings
Withdrawn status Lost status Damaged status Not for loan Collection Home library Current library Date acquired Source of acquisition Cost, normal purchase price Inventory number Total Checkouts Full call number Barcode Date last seen Cost, replacement price Price effective from Koha item type
        CRC Fr. Agnel's C.Rodrigues College of Engineering Fr. Agnel's C.Rodrigues College of Engineering 17/03/2023 Book Base 220.00 10810 dt 26/04/2011   660.281 BHA 21601 17/03/2023 275.00   BOOK